schroniska w Tatrach - Statystyki

Ogólne statystyki
  • Ten quiz został rozwiązany 15 razy
  • Średni wynik to 7 z 21
Statystyki odpowiedzi
wysokość Odpowiedź % Poprawnych
2250m.n.p.m chata pod rysami
82%
1500m.n.p.m Murowaniec
82%
1100m.n.p.m Hala Ornak
73%
1410m.n.p.m Morskie Oko
73%
2015m.n.p.m chata teryego
64%
1031m.n.p.m Dolina Roztoki
55%
1333m.n.p.m Hala Kondratowa
55%
1198m.n.p.m Hotel Górski PTTK Kalatówki
55%
1146m.n.p.m Polana Chochołowska
55%
1494m.n.p.m Chata Popradské pleso
27%
1671m.n.p.m Schronisko w Dolinie Pięciu Stawów
27%
1670m.n.p.m Śląski Dom
18%
1840m.n.p.m Chata pod Soliskom
9%
1725m.n.p.m Skalnatá Chata
9%
1475m.n.p.m Zamkovského Chata
9%
1255m.n.p.m Bilíkova Chata
0%
1290–1350m.n.p.m Chata Plesnivec
0%
1551m.n.p.m Chata pri Zelenom plese
0%
1500m.n.p.m Majláthova Chata
0%
1301m.n.p.m Rainerova Chata
0%
1350m.n.p.m Ťatliakova chata
0%
Nie znaleziono quizów pasujących do podanych kryteriów
Rozkład punktacji
Procent ludzi z każdym wynikiem
Percentyl według liczby udzielonych odpowiedzi
Twoja historia wyników
Nie rozwiązałeś tego quizu